Jeu vidéo par lettre - B - Statistiques

Statistiques générales
  • Ce quiz a été pris 1 465 fois
    1 296 depuis la dernière actualisation
  • Le résultat moyen est 10 sur 20
Statistiques - réponses
Indices Réponses % Correct
Antagoniste principal dans les jeux Mario Bowser
99%
Toute première créature du Pokédex Bulbizarre
85%
NBA Jam en est une simulation Basketball
78%
Punch-Out!! en est une simulation Boxe
75%
Société de développement, à l'origine des Diablo et Overwatch, rachetée par Microsoft Blizzard Entertainment
68%
Espèce dont Crash est le plus illustre représentant Bandicoot
65%
Autre jeu de Supercell plus axé Far West et tir en arène Brawl Stars
62%
Rival du joueur dans la première génération de Pokémon Blue
58%
Personnage rose avec un ruban rouge sur la tête tirant des œufs par sa bouche ronde Birdo
53%
Jeu de stratégie de thème militaire développé par Supercell Boom Beach
48%
Série éditée par Sega mettant en scène un personnage éponyme, séduisante mais amnésique, se battant contre des anges Bayonetta
46%
Ennemi explosif du plombier moustachu, thème du premier niveau de Super Mario 64 Bob-omb
45%
Extraterrestre humanoïde de Sunsoft se battant à coup de bombes en tout genre Bomberman
45%
Série de jeux de plateformes mettant en scène un ours et un oiseau rouge Banjo-Kazooie
44%
Obus avec des yeux et une bouche dans les jeux Mario Bill Ball
41%
Fabricant de jouets mais aussi développeur et constructeur vidéoludique, à l'origine des Gundam et de la WonderSwan Bandai
31%
Société de développement, à l'origine des Halo et Myth, rachetée par Sony Bungie Studios
21%
Série de beat'em all de Rare, mettant en scène des crapauds anthropomorphes, commencée sur NES Battletoads
19%
Avec Jimmy, héros de la série de beat'em all Double Dragon Billy
11%
Série de puzzle games populaire de Taito, parfois appelée Bust-a-Move Puzzle {Bobble}
10%
Aucun quiz correspondant
Distribution des résultats
% des personnes avec chaque résultat
Percentile par nombre de réponses
Votre historique - résultats
Vous n’avez pas pris ce quiz depuis la dernière actualisation